Statistics for Mystery Movie Monologue #13

Click here to take the quiz!

General Stats

  • This quiz has been taken 103 times
  • The average score is 132 of 254

Answer Stats

Answer% Correct
a
95%
the
91%
The
91%
an
88%
it
84%
who
84%
is
80%
And
77%
and
77%
be
77%
no
77%
to
77%
when
77%
he
76%
in
76%
on
71%
that
71%
then
71%
then,
71%
she
69%
there
68%
there.
68%
not,
64%
not
64%
was
64%
her
63%
of
63%
for
61%
love
60%
had
59%
at
57%
his
56%
If
55%
would
52%
But
51%
but
51%
by
51%
him
51%
one
49%
too
49%
could
48%
as
47%
As
47%
ever
47%
heart.
47%
heart
47%
time.
47%
time
47%
from
45%
woman
44%
prince
43%
with
43%
all
41%
far-
41%
away
40%
away,
40%
castle,
40%
castle
40%
castle.
40%
land,
40%
Once
39%
upon
39%
beautiful
37%
lived
37%
night,
37%
old
37%
into
36%
last
36%
only
36%
world.
36%
found
35%
which
35%
beast
33%
beast?
33%
everything
33%
magic
33%
spell
33%
young
33%
again,
32%
another
32%
lost
32%
seen
32%
year.
32%
Although
31%
broken.
31%
desired,
31%
hope
31%
inside
31%
late,
31%
tried
31%
turned
31%
beauty
29%
came
29%
cold.
29%
gift
29%
return
29%
rose
29%
warned
29%
apologize,
28%
appearance,
28%
despair
28%
earn
28%
fell
28%
fell,
28%
first
28%
hideous
28%
himself
28%
learn
28%
mirror
28%
offered
28%
outside
28%
petal
28%
placed
28%
punishment,
28%
remain
28%
Repulsed
28%
shelter
28%
shining
28%
spoiled,
28%
transformed
28%
truly
28%
until
28%
winter's
28%
within.
28%
appearances,
27%
Ashamed
27%
beggar
27%
bitter
27%
bloom
27%
concealed
27%
deceived
27%
dismissed
27%
doomed
27%
enchanted
27%
enchantress.
27%
form,
27%
haggard
27%
melted
27%
monstrous
27%
passed,
27%
powerful
27%
reveal
27%
selfish,
27%
single
27%
sneered
27%
twenty
27%
ugliness
27%
unkind.
27%
window
27%
woman's
27%
years
27%

Score Distribution

Percentile by Number Answered

Percent of People with Each Score

Your Score History

You have not taken this quiz